00687 2200241 4500001002100000005001700021008004100038020001800079035002400097082001400121090002600135100001600161245006600177260002100243300003000264500003100294650003600325700002600361850001600387980001400403985000600417999002200423YOGYA-0209000004621220090227031116.0 ind  a979-763-353-6 0010-020900000046212 a658.40351 a658.40351bAdi ClDEP aADI SUNARNO aCreativity gamescAdi Soenarno ; editor, Renati Winong Rosari aYogyakartabAndi axvi, 176 hlmbilusc21 cm aBibliografi : hlm. 173-174 aManajemen pelatihan - permainan aRosari, Renati Winong aYOPDYOG (M) a29-6-2007 a1 aCB-D.11 2006-257h